1053 1614 1213 1457 1209 1244 1287 1076 1421 1007 1125 1854 1130 1673 1431 1136 1016 1711 1668 1342 1298 1033 1839 1927 1312 1201 1801 1311 1360 1608 1550 1276 1495 1797 1155 1040 1725 1039 1183 1824 1901 1934 1079 1632 1229 1231 1986 1346 1495 1644 1281 1103 1759 1570 1109 1438 1418 1711 1616 1938 1584 1626 1676 1049 1115 1821 1378 1402 1067 1078 1365 1186 1888 1279 1240 1350 1385 1393 1948 1232 1136 1459 1978 1651 1833 1221 1246 1980 1304 1638 1476 1369 1964 1924 1205 1973 1210 1856 1292 BCNSPRNW ULIB Ver.6.0+V

เปลี่ยนเป็นภาษาไทย

Change to English
 แสดงรายละเอียดบรรณานุกรม
  กลับหน้าหลัก

Brief Record : Get Marc (ISO 2709) : E-mail record : QR code < ปิดหน้าต่าง
LEADER : 00000nam 2200000uu 4500
001    13399129205
003     ULIB
008    260511s2568||||th 000 0 tha d
020    ^a9786161874070
060 0  ^aWT120^bย731ค
100 1  ^aโยะเนะยะมะ, โยะชิโกะ.
245 1  ^aคู่มือดูแลผู้สูงอายุและผู้ป่วยติดเตียง /^cโยะเนะยะมะ โยะชิโกะ, ที่ปรึกษา ; กาญจนี สวยสมพล, แปล.
246 3  ^aCho zukai yasashii kaigo no kotsu
250    ^aพิมพ์ครั้งที่ 4.
260    ^aกรุงเทพฯ :^bฮาวทู,^c2568.
300    ^a220 หน้า :^bภาพประกอบ ;^c24 ซม.
505 2  ^aความรู้เบื้องต้นในการดูแลผู้สูงอายุ -- เทคนิคการดูแลผู้สูงอายุเบื้องต้น -- การพลิกตัว -- การลุกนั่ง -- การลุกยืน -- การนั่ง -- การช่วยเหลือผู้สูงอายุนั่งรถเข็น -- การเดิน -- การรับประทานอาหาร -- การอาบน้ำ -- การเปลี่ยนเสื้อผ้า -- การขับถ่าย -- วิธีรับมือเมื่อเกิดเหตุฉุกเฉิน -- วิธีการดูแลตัวเองของผู้ดูแล.
505 2  ^aบทที่ 1 ความรู้เบื้องต้นในการดูแลผู้สูงอายุ -- บทที่ 2 เทคนิคการดูแลผู้สูงอายุเบื้องต้น -- บทที่ 3 การพลิกตัว -- บทที่4 การลุกนั่ง -- บทที่ 5 การลุกยืน -- บทที่ 6 การนั่ง -- บทที่ 7 การช่วยเหลือผู้สูงอายุนั่งรถเข็น -- บทที่ 8 การเดิน -- บทที่ 9 การรับประทานอาหาร -- บทที่ 10 การอาบน้ำ -- บทที่ 11 การเปลี่ยนเสื้อผ้า -- บทที่ 12 การขับถ่าย -- บทที่ 13 วิธีรับมือเมื่อเกิดเหตุฉุกเฉิน -- บทที่ 14 วิธีการดูแลตัวเองของผู้ดูแล.
610  4 ^aการพยาบาลผู้ใหญ่และผู้สูงอายุ.
650  4 ^aกายภาพบำบัดสำหรับผู้สูงอายุ.
650  4 ^aการดูแลผู้ป่วยติดเตียง
650  4 ^aการดูแลผู้สูงอายุ
650  4 ^aผู้ป่วย^xการดูแล
650  4 ^aผู้ป่วยติดเตียง^xการพยาบาล
650  4 ^aผู้สูงอายุ
650  4 ^aผู้สูงอายุ^xการดูแล
653    ^aSDG3.
653    ^aSDGs.
655  4 ^aHealth Sciences Branch.
700 0  ^aกาญจนี สวยสมพล^eผู้แปล.
700 1  ^aYoneyama, Yoshiko.
999    ^aประนอม เกษจรัล
รายการนี้ยังไม่มีแท็ก
คุณยังไม่ได้ล็อกอิน คุณสามารถมีกิจกรรมร่วมกับเว็บไซต์ได้ แต่ต้องล็อกอินก่อน ::
  ล็อกอิน

รายการสื่อสารสนเทศ

ลำดับที่ ประเภท เลขเรียก/บาร์โค้ด สถานที่ สถานะ
1. วิทยาศาสตร์การแพทย์ และสุขภาพ
วิทยาศาสตร์การแพทย์ และสุขภาพ
WT120 ย731ค ฉ.1 
  Barcode: 012158
ห้องสมุดวิทยาเขตสวรรค์ประชารักษ์
►หนังสือทั่วไป
บนชั้น
2. วิทยาศาสตร์การแพทย์ และสุขภาพ
วิทยาศาสตร์การแพทย์ และสุขภาพ
WT120 ย731ค ฉ.2 
  Barcode: 012159
ห้องสมุดวิทยาเขตสวรรค์ประชารักษ์
►หนังสือทั่วไป
บนชั้น
3. วิทยาศาสตร์การแพทย์ และสุขภาพ
วิทยาศาสตร์การแพทย์ และสุขภาพ
WT120 ย731ค ฉ.3 
  Barcode: 012160
ห้องสมุดวิทยาเขตสวรรค์ประชารักษ์
►หนังสือทั่วไป
บนชั้น
4. วิทยาศาสตร์การแพทย์ และสุขภาพ
วิทยาศาสตร์การแพทย์ และสุขภาพ
WT120 ย731ค ฉ.4 
  Barcode: 012161
ห้องสมุดวิทยาเขตสวรรค์ประชารักษ์
►หนังสือทั่วไป
บนชั้น
5. วิทยาศาสตร์การแพทย์ และสุขภาพ
วิทยาศาสตร์การแพทย์ และสุขภาพ
WT120 ย731ค ฉ.5 
  Barcode: 012162
ห้องสมุดวิทยาเขตสวรรค์ประชารักษ์
►หนังสือทั่วไป
บนชั้น

รายการใกล้เคียง
    หัวเรื่อง [การดูแลผู้ป่วยติดเตียง]
    หัวเรื่อง [การดูแลผู้สูงอายุ]
    หัวเรื่อง [ผู้ป่วย การดูแล]
    หัวเรื่อง [ผู้สูงอายุ]
    หัวเรื่อง [ผู้สูงอายุ การดูแล]

BibComment


ยังไม่เคยถูกคอมเมนท์

คอมเมนท์ทรัพยากรรายการนี้
  คอมเมนท์: คู่มือดูแลผู้สูง..


 Copyright 2026. Bcnsprnw @Library